00296nam a2200121Ia 45000030006000000080041000060400015000471000022000622450052000842600009001365460012001450050017001570STCL150530s9999 xx 000 0 und d aSTCLcSTCL aRamalingam Pillai aEnglish English Malayalam Dictionary vol IV Q-Z c2002 aEnglish20220125171827.0